000 01557nam a22004217a 4500
001 193
003 FISKH
005 20240227092229.0
008 230303b cb ||||| |||| 00| 0 eng d
020 _a9781407154176
020 _a9781407154176
040 _aFISKH
_beng
_cFISKH
_dFISKH
050 0 0 _aPZ7.P968
_b2015
082 0 0 _a823.914
_223
100 1 _aPullman, Philip,
_d1946-
_eauthor.
245 1 4 _aThe amber spyglass /
_cPhilip Pullman.
250 _aThis edition published in 2015
260 _aLondon :
_bScholastic,
_c1982
300 _a522 pages :
_c20 cm
336 _atext
_btxt
_2rdacontent
337 _aunmediated
_bn
_2rdamedia
338 _avolume
_bnc
_2rdacarrier
490 1 _aHis dark materials ;
_vBook 3
520 _aLyra and Will find themselves at the center of a battle between the forces of the Authority and those gathered by Lyra's father, Lord Asriel.
521 8 _a950
_bLexile
650 0 _aBelacqua, Lyra (Fictitious character)
_vJuvenile fiction.
650 0 _aParry, Will (Fictitious character)
_vJuvenile fiction.
650 1 _aFantasy.
650 7 _aBelacqua, Lyra (Fictitious character)
_2fast
_0(OCoLC)fst00829990
650 7 _aParry, Will (Fictitious character)
_2fast
_0(OCoLC)fst01053935
655 7 _aFantasy fiction.
_2lcgft
655 7 _aNovels.
_2lcgft
655 7 _aFantasy fiction.
_2fast
_0(OCoLC)fst01726607
655 7 _aFiction.
_2fast
_0(OCoLC)fst01423787
655 7 _aJuvenile works.
_2fast
_0(OCoLC)fst01411637
906 _a7
_bcbc
_ccopycat
_d2
_encip
_f20
_gy-gencatlg
942 _2ddc
_cBK
_n0
999 _c193
_d193